Natural gas in western Kentucky; (Record no. 26908)

MARC details
000 -LEADER
fixed length control field 00967cam a22002291 4500
001 - CONTROL NUMBER
control field gs 31000246
003 - CONTROL NUMBER IDENTIFIER
control field DLC
005 - DATE AND TIME OF LATEST TRANSACTION
control field 20260227111336.0
008 - FIXED-LENGTH DATA ELEMENTS--GENERAL INFORMATION
fixed length control field 800409s1931 kyuab b 000 0 eng c
010 ## - LIBRARY OF CONGRESS CONTROL NUMBER
LC control number gs 31000246
035 ## - SYSTEM CONTROL NUMBER
System control number (OCoLC)6184475
040 ## - CATALOGING SOURCE
Original cataloging agency U.S. Geol. survey. Library
Transcribing agency TxCM
Modifying agency DLC
042 ## - AUTHENTICATION CODE
Authentication code premarc
050 00 - LIBRARY OF CONGRESS CALL NUMBER
Classification number TN880
Item number .J45
100 1# - MAIN ENTRY--PERSONAL NAME
Personal name Jillson, Willard Rouse,
Dates associated with a name 1890-
245 10 - TITLE STATEMENT
Title Natural gas in western Kentucky;
Remainder of title a summary account of the occurrence of natural gas in the western part of this commonwealth coupled with brief statements as to the production and geology of each separate field,
Statement of responsibility, etc. by Willard Rouse Jillson.
260 ## - PUBLICATION, DISTRIBUTION, ETC.
Place of publication, distribution, etc. Frankfort,
Name of publisher, distributor, etc. The Kentucky geological survey,
Date of publication, distribution, etc. 1931.
300 ## - PHYSICAL DESCRIPTION
Extent 7 p. l., 190 p. incl. maps (incl. front.) tables.
Dimensions 23 cm.
410 10 - SERIES STATEMENT/ADDED ENTRY--CORPORATE NAME [OBSOLETE, CAN/MARC], [LOCAL, USA]
Corporate name or jurisdiction name as entry element Kentucky.
Subordinate unit Geological survey, 1920- [Ser. 6,
Title of a work Geologic reports]
Volume number/sequential designation v. 38
504 ## - BIBLIOGRAPHY, ETC. NOTE
Bibliography, etc. note "Selected bibliography": p. 181-186.
650 #0 - SUBJECT ADDED ENTRY--TOPICAL TERM
Topical term or geographic name entry element Natural gas
Geographic subdivision Kentucky.

No items available.

Powered by Koha